Eliminating Trouble Spots in Intercultural Communication

Salvato in:
Dettagli Bibliografici
Autore principale: Bláhová, Mária
Natura: Capitolo di libro
Lingua:inglese
Soggetti:
Tags: Aggiungi Tag
Nessun Tag, puoi essere il primo ad aggiungerne!!

MARC

LEADER 00000naa$a2200000$$$4500
001 0200441
005 20240502083509.7
041 0 |a eng 
044 |a RU 
245 1 0 |a Eliminating Trouble Spots in Intercultural Communication  |c Mária Bláhová 
610 2 0 |a komunikácia interkultúrna 
610 2 0 |a civilizácia 
610 2 0 |a vývoj 
610 2 0 |a globalizácia 
100 1 |a Bláhová, Mária